[Event "KONIK MORSKI REWALA 2013-B"]
[Site "Rewal"]
[Date "2013.08.21"]
[Round "2.17"]
[White "Markiewicz, Mateusz"]
[Black "Matzkowiak, Roman"]
[Result "1-0"]
[WhiteElo "2029"]
[BlackElo "1802"]
[PlyCount "69"]
[EventDate "2013.??.??"]

1. e4 c5 2. Nf3 d6 3. d4 cxd4 4. Nxd4 Nf6 5. Nc3 a6 6. Bg5 e6 7. f4 Be7 8. Qf3
h6 9. Bxf6 Bxf6 10. O-O-O Qc7 11. g4 Nc6 12. Nce2 Bd7 13. h4 Rc8 14. c3 b5 15.
g5 Be7 16. Nxc6 Bxc6 17. Nd4 hxg5 18. hxg5 Rxh1 19. Qxh1 g6 20. Bd3 e5 21. Qh8+
Kd7 22. Qh3+ Ke8 23. Nxc6 Qxc6 24. fxe5 Bxg5+ 25. Kb1 Rd8 26. e6 Ke7 27. exf7
Bf6 28. Rf1 Rf8 29. e5 dxe5 30. Bxg6 b4 31. cxb4 Bg5 32. Bc2 Bf6 33. Bb3 Qe4+
34. Ka1 Qxb4 35. Qe6+ 1-0

[Event "KONIK MORSKI REWALA 2013-B"]
[Site "Rewal"]
[Date "2013.08.21"]
[Round "2.18"]
[White "Buraczewski, Rafal"]
[Black "Skomial, Mateusz"]
[Result "0-1"]
[WhiteElo "1803"]
[BlackElo "2014"]
[PlyCount "112"]
[EventDate "2013.??.??"]

1. d4 d5 2. Nf3 Nf6 3. c4 e6 4. Nc3 c6 5. Bg5 Be7 6. e3 O-O 7. Bd3 Nbd7 8. O-O
b6 9. e4 dxe4 10. Nxe4 Bb7 11. Qc2 h6 12. Nxf6+ Nxf6 13. Bh4 c5 14. dxc5 Bxc5
15. Rad1 Qe7 16. a3 a5 17. Nd2 Rac8 18. Ne4 g5 19. Bg3 Nxe4 20. Bxe4 Ba6 21.
Bh7+ Kh8 22. Bd3 Rfd8 23. Qa4 Bd4 24. b4 f5 25. h4 f4 26. Bh2 Bxc4 27. Bxc4
Rxc4 28. Qb5 Rc2 29. Kh1 Rd5 30. Qd3 Qh7 31. Qf3 Qf5 32. hxg5 hxg5 33. Qh5+ Kg7
34. Rc1 Bf6 35. Qe8 Rd8 36. Qa4 Rxc1 37. Rxc1 f3 38. Qc6 fxg2+ 39. Qxg2 Rh8 40.
Kg1 axb4 41. axb4 Rh4 42. Bg3 Rxb4 43. Qb7+ Kg6 44. Qd7 Rb1 45. Qe8+ Kh6 46.
Rxb1 Qxb1+ 47. Kh2 Qf5 48. Qf8+ Bg7 49. Qb4 b5 50. f4 g4 51. Qe7 Qh5+ 52. Bh4
Qg6 53. Kg3 Kh5 54. Qc5+ Qf5 55. Qe3 Qd5 56. Be7 Bd4 0-1

[Event "KONIK MORSKI REWALA 2013-B"]
[Site "Rewal"]
[Date "2013.08.21"]
[Round "2.19"]
[White "Ancuta, Adam"]
[Black "Krzysztofiak, Zdzislaw"]
[Result "1-0"]
[WhiteElo "1976"]
[BlackElo "1685"]
[PlyCount "37"]
[EventDate "2013.??.??"]

1. e4 e5 2. Nc3 Nf6 3. Bc4 Bc5 4. f4 Bxg1 5. Rxg1 Nxe4 6. Bxf7+ Kxf7 7. Nxe4
Qh4+ 8. g3 Qxh2 9. Rf1 Re8 10. fxe5+ Ke7 11. d4 Rf8 12. Bg5+ Ke8 13. Rxf8+ Kxf8
14. Qf3+ Kg8 15. O-O-O Qh3 16. Rf1 h6 17. Qf8+ Kh7 18. Nf6+ Kg6 19. Qe8+ 1-0

[Event "KONIK MORSKI REWALA 2013-B"]
[Site "Rewal"]
[Date "2013.08.21"]
[Round "2.20"]
[White "Patola, Eero"]
[Black "Maliszewski, Jacek"]
[Result "1-0"]
[WhiteElo "1947"]
[BlackElo "1747"]
[PlyCount "85"]
[EventDate "2013.??.??"]

1. e4 c5 2. c4 e5 3. Nc3 Nf6 4. g3 Nc6 5. Bg2 Be7 6. d3 O-O 7. Nge2 d6 8. O-O
Bd7 9. h3 h6 10. f4 exf4 11. gxf4 Nh7 12. Nd5 Bf6 13. Nxf6+ Qxf6 14. Rb1 Qh4
15. f5 Ng5 16. Nf4 Ne5 17. Bd2 Qg3 18. Qe2 Nh7 19. Be1 Qg5 20. b4 g6 21. h4 Qd8
22. bxc5 dxc5 23. Nd5 Bc6 24. Bg3 f6 25. fxg6 Nxg6 26. Qg4 Kh8 27. Qxg6 Bxd5
28. cxd5 Rg8 29. Qxh6 Rxg3 30. Rxb7 Qg8 31. Rf2 Rb8 32. Rxb8 Qxb8 33. Rxf6 Rxd3
34. d6 Rd1+ 35. Kh2 c4 36. e5 c3 37. Rf7 Qg8 38. Rf2 Re1 39. Qf4 Qe6 40. Rc2
Rxe5 41. d7 Rd5 42. Bxd5 Qxd5 43. Qb8+ 1-0

[Event "KONIK MORSKI REWALA 2013-B"]
[Site "Rewal"]
[Date "2013.08.21"]
[Round "2.21"]
[White "Niedbal, Piotr"]
[Black "Ziaja, Krystian"]
[Result "0-1"]
[WhiteElo "1773"]
[BlackElo "1885"]
[PlyCount "50"]
[EventDate "2013.??.??"]

1. e4 e6 2. d4 d5 3. Nd2 dxe4 4. Nxe4 Nf6 5. Nxf6+ Qxf6 6. Nf3 h6 7. Be2 Bd6 8.
O-O O-O 9. c4 b6 10. Be3 Nd7 11. Rc1 c5 12. dxc5 Bxc5 13. Bxc5 bxc5 14. Qc2 Bb7
15. Rfd1 Rfd8 16. Rd2 Nf8 17. Rcd1 Ng6 18. Rxd8+ Rxd8 19. Rxd8+ Qxd8 20. Qd1
Qf6 21. Qb3 Be4 22. Nd2 Bxg2 23. Kxg2 Qg5+ 24. Qg3 Qxd2 25. Bd3 Qxd3 0-1

[Event "KONIK MORSKI REWALA 2013-B"]
[Site "Rewal"]
[Date "2013.08.21"]
[Round "2.22"]
[White "Kwasniewski, Pawel"]
[Black "Czarnecki, Wojciech"]
[Result "1/2-1/2"]
[WhiteElo "1536"]
[BlackElo "2089"]
[PlyCount "89"]
[EventDate "2013.??.??"]

1. d4 c6 2. c4 d5 3. Nc3 Nf6 4. Bg5 Nbd7 5. e3 e6 6. Nf3 Be7 7. Be2 O-O 8. O-O
dxc4 9. Bxc4 b5 10. Bd3 b4 11. Ne4 h6 12. Bh4 Bb7 13. Nxf6+ Nxf6 14. Bxf6 Bxf6
15. Be4 Qb6 16. Rc1 Rac8 17. Qc2 Rc7 18. Qc5 Rfc8 19. Rfd1 Be7 20. Qh5 c5 21.
Bxb7 Qxb7 22. Ne5 Bf6 23. Ng4 Be7 24. Ne5 Bf8 25. dxc5 Rxc5 26. Rxc5 Rxc5 27.
h3 f6 28. Qf3 Qxf3 29. Nxf3 Rc2 30. Rd2 Rc1+ 31. Kh2 Bc5 32. Kg3 Kh7 33. Kf4
g5+ 34. Ke4 Kg6 35. Nd4 Bxd4 36. Kxd4 h5 37. Ke4 e5 38. g4 h4 39. Kf3 a5 40. b3
Ra1 41. e4 Kf7 42. Kg2 Ke6 43. Kf3 Kf7 44. Kg2 Ke6 45. Kf3 1/2-1/2

[Event "KONIK MORSKI REWALA 2013-B"]
[Site "Rewal"]
[Date "2013.08.21"]
[Round "2.23"]
[White "Sroka, Janusz"]
[Black "Zhuk, Ivan"]
[Result "0-1"]
[WhiteElo "2095"]
[BlackElo "1746"]
[PlyCount "52"]
[EventDate "2013.??.??"]

1. e4 e6 2. d4 d5 3. Nd2 c5 4. exd5 exd5 5. Ngf3 Nc6 6. Bb5 Bd6 7. O-O Nge7 8.
dxc5 Bxc5 9. Nb3 Bb6 10. c3 O-O 11. Bd3 Bf5 12. Bg5 Qd6 13. Bxe7 Nxe7 14. Nbd4
Be4 15. Re1 f5 16. Bf1 Nc6 17. Qb3 Kh8 18. Rad1 Nxd4 19. Nxd4 Bc7 20. g3 f4 21.
Nb5 fxg3 22. hxg3 Qf6 23. Rd2 Qh6 24. Rxe4 dxe4 25. Re2 Bxg3 26. fxg3 Qc1 0-1

[Event "KONIK MORSKI REWALA 2013-B"]
[Site "Rewal"]
[Date "2013.08.21"]
[Round "2.24"]
[White "Gajzner, Ryszard"]
[Black "Mulenko, Alexander"]
[Result "0-1"]
[WhiteElo "1755"]
[BlackElo "2042"]
[PlyCount "84"]
[EventDate "2013.??.??"]

1. d4 Nf6 2. c4 e6 3. g3 Bb4+ 4. Nd2 a5 5. Bg2 O-O 6. Ngf3 b6 7. O-O Bb7 8. Qc2
d5 9. Ne5 Na6 10. Rd1 Be7 11. a3 c5 12. e3 Qc7 13. b3 dxc4 14. bxc4 Bxg2 15.
Kxg2 Rfd8 16. Bb2 cxd4 17. exd4 b5 18. c5 Nd5 19. Ne4 Nb8 20. Qe2 f6 21. Nf3
Qc6 22. Kg1 Nd7 23. Rac1 Nf8 24. Ne1 Rd7 25. Ng2 Ng6 26. h4 Nf8 27. Nc3 Re8 28.
Nxd5 Rxd5 29. Nf4 Rdd8 30. Qc2 f5 31. Qc3 Bf6 32. Qxa5 Ng6 33. Nh5 Rd5 34.
Nxf6+ gxf6 35. Re1 Kf7 36. Qb6 Ne7 37. Qa5 f4 38. g4 h5 39. Qd2 Rg8 40. f3 hxg4
41. fxg4 Rxg4+ 42. Kf2 Rxd4 0-1

[Event "KONIK MORSKI REWALA 2013-B"]
[Site "Rewal"]
[Date "2013.08.21"]
[Round "2.25"]
[White "Pietinen, Pekka"]
[Black "Burakowska, Gabriela"]
[Result "0-1"]
[WhiteElo "2015"]
[BlackElo "1691"]
[PlyCount "104"]
[EventDate "2013.??.??"]

1. e4 c5 2. Nf3 e6 3. g3 b6 4. Bg2 Bb7 5. d3 d5 6. exd5 Bxd5 7. O-O Nf6 8. Re1
Be7 9. Nc3 Bb7 10. Bf4 O-O 11. d4 Nc6 12. Ne5 Qc8 13. dxc5 Rd8 14. Nxc6 Bxc6
15. Qe2 Bxc5 16. Be5 Nd7 17. Bf4 Bxg2 18. Kxg2 Bb4 19. Bd2 Qc6+ 20. Kg1 Ne5 21.
Qxe5 Rxd2 22. Rac1 Bxc3 23. Qxc3 Qxc3 24. bxc3 Rc8 25. Re3 g6 26. Rd3 Re2 27.
Kf1 Re5 28. Rb1 Ra5 29. Ke2 Rxa2 30. Kd2 Ra5 31. Rb4 Rac5 32. Rbd4 R8c7 33. h4
e5 34. Rd8+ Kg7 35. Re8 f5 36. f3 Kf6 37. Rf8+ Ke7 38. Rh8 Ke6 39. Re8+ Re7 40.
Ra8 e4 41. Re3 Ke5 42. Rd8 Rd5+ 43. Rxd5+ Kxd5 44. fxe4+ fxe4 45. Re1 Kc4 46.
Rb1 a5 47. Rb3 e3+ 48. Ke2 Re5 49. g4 a4 50. Ra3 Re4 51. h5 gxh5 52. gxh5 h6
0-1

[Event "KONIK MORSKI REWALA 2013-B"]
[Site "Rewal"]
[Date "2013.08.21"]
[Round "2.26"]
[White "Kopica, Paulina"]
[Black "Nowak, Ryszard"]
[Result "0-1"]
[WhiteElo "1750"]
[BlackElo "2006"]
[PlyCount "44"]
[EventDate "2013.??.??"]

1. e4 c6 2. d4 d5 3. exd5 cxd5 4. Bd3 Nc6 5. c3 Nf6 6. h3 e5 7. dxe5 Nxe5 8.
Nf3 Bd6 9. O-O O-O 10. Bg5 h6 11. Bh4 Re8 12. Bc2 Bd7 13. Nxe5 Bxe5 14. f4 Bd6
15. Qd4 Qc7 16. Kh1 Bc5 17. Qd3 Re3 18. Qd2 Ne4 19. Qxd5 Bc6 20. Qh5 Rxh3+ 21.
gxh3 Ng3+ 22. Kh2 Nxf1# 0-1

[Event "KONIK MORSKI REWALA 2013-B"]
[Site "Rewal"]
[Date "2013.08.21"]
[Round "2.28"]
[White "Vakhitov, Dmitri"]
[Black "Jelen, Janusz"]
[Result "1-0"]
[WhiteElo "1664"]
[BlackElo "1931"]
[PlyCount "153"]
[EventDate "2013.??.??"]

1. d4 d5 2. c4 e6 3. Nc3 c5 4. cxd5 exd5 5. dxc5 d4 6. Ne4 f5 7. Ng3 Bxc5 8.
Nf3 Nc6 9. Nh5 Qe7 10. Bg5 Bb4+ 11. Bd2 g6 12. Nf4 Nf6 13. a3 Bd6 14. Nd3 Ne4
15. g3 Be6 16. Bg2 O-O 17. O-O a5 18. Bh6 Rf7 19. h4 a4 20. Nd2 Nc5 21. Bg5 Qc7
22. Nxc5 Bxc5 23. b4 axb3 24. Nxb3 Bd6 25. Bxc6 bxc6 26. Nxd4 Bd5 27. Qd3 Be4
28. Qe3 Be5 29. Bf4 Re8 30. Bxe5 Rxe5 31. Qc3 f4 32. f3 Bd5 33. g4 Re3 34. Qc5
Qd8 35. g5 h6 36. Nxc6 Bxc6 37. Qxc6 hxg5 38. Rfd1 Qe7 39. Rd6 Rxe2 40. Rxg6+
Rg7 41. Rb1 Re1+ 42. Rxe1 Qxe1+ 43. Kg2 Qe2+ 44. Kh3 Qf1+ 45. Kg4 gxh4 46. Qe8+
Kh7 47. Rxg7+ Kxg7 48. Qe7+ Kg8 49. Qg5+ Kf7 50. Qxf4+ Ke6 51. Qh6+ Kf7 52.
Qxh4 Qc4+ 53. Kg3 Qc3 54. Qh7+ Kf8 55. Qf5+ Kg8 56. Qg4+ Kf7 57. Qb4 Qg7+ 58.
Kf4 Qf6+ 59. Ke3 Qe6+ 60. Kf2 Qa2+ 61. Kg3 Qa1 62. f4 Qg1+ 63. Kf3 Qh1+ 64. Ke3
Qg1+ 65. Ke4 Qg6+ 66. Kd5 Qf5+ 67. Kc6 Qc8+ 68. Kb5 Qb7+ 69. Kc4 Qa6+ 70. Kc3
Qf6+ 71. Kb3 Qa1 72. Qc4+ Ke7 73. Qe4+ Kd7 74. Qd3+ Ke6 75. a4 Qh1 76. Qc4+ Kd7
77. Qb5+ 1-0

[Event "KONIK MORSKI REWALA 2013-B"]
[Site "Rewal"]
[Date "2013.08.21"]
[Round "2.29"]
[White "Zurek, Jacek"]
[Black "Zhuk, Dmitriy"]
[Result "1-0"]
[WhiteElo "1898"]
[BlackElo "1593"]
[PlyCount "59"]
[EventDate "2013.??.??"]

1. c4 d5 2. cxd5 Qxd5 3. Nc3 Qd8 4. d4 e6 5. Nf3 Nf6 6. e4 Be7 7. Bd3 c6 8. O-O
b6 9. Qe2 O-O 10. Bf4 Bb7 11. Rfd1 Re8 12. Rac1 Nbd7 13. Qc2 Nf8 14. Qb3 Ng6
15. Bg3 Nh5 16. a4 Nxg3 17. hxg3 Rb8 18. Bc4 Bg5 19. Rc2 Qe7 20. Re2 Bf6 21. d5
cxd5 22. exd5 Bxc3 23. dxe6 fxe6 24. Rxe6 Qxe6 25. Bxe6+ Kh8 26. bxc3 b5 27.
Ng5 h6 28. Nf7+ Kh7 29. Bf5 bxa4 30. Qc2 1-0

[Event "KONIK MORSKI REWALA 2013-B"]
[Site "Rewal"]
[Date "2013.08.21"]
[Round "2.30"]
[White "Drela, Michal"]
[Black "Czepczynski, Boguslaw"]
[Result "1-0"]
[WhiteElo "1643"]
[BlackElo "1890"]
[PlyCount "127"]
[EventDate "2013.??.??"]

1. d4 g6 2. c4 Bg7 3. Nc3 d6 4. e4 Nf6 5. f3 O-O 6. Be3 e5 7. d5 c5 8. a3 a6 9.
b4 b6 10. Nge2 Nh5 11. g4 Nf4 12. h4 f5 13. g5 Ra7 14. Qd2 fxe4 15. Nxe4 Raf7
16. Rb1 Bf5 17. N2g3 Qc7 18. b5 Nd7 19. a4 Ra8 20. Qb2 a5 21. Qd2 Raf8 22. Rb3
Re8 23. Bf2 Nf8 24. Re3 Nh5 25. Nxh5 gxh5 26. Be2 Ng6 27. Bg3 Ref8 28. O-O Bh3
29. Rf2 Nf4 30. Bd1 Bc8 31. Rh2 Qd8 32. Bc2 Ng6 33. Qe2 Nf4 34. Qd2 Bf5 35. Bd1
Bg6 36. Re1 h6 37. Bxf4 Rxf4 38. gxh6 Bxh6 39. Rg2 Kh7 40. Qd3 Qxh4 41. Re3 Bf5
42. Bc2 Kh8 43. Qc3 Rxe4 44. Bxe4 Bxe3+ 45. Qxe3 Qf4 46. Qxf4 exf4 47. Bxf5
Rxf5 48. Rg6 h4 49. Rxd6 Rg5+ 50. Kh2 Kg7 51. Rxb6 Rg3 52. Re6 Rxf3 53. d6 Rd3
54. b6 Kf7 55. b7 Kxe6 56. b8=Q Rxd6 57. Qc8+ Ke7 58. Qxc5 Ke6 59. Qh5 Rd2+ 60.
Kh3 Ra2 61. Qd5+ Kf6 62. Qxa5 f3 63. Qb6+ Ke5 64. Qe3+ 1-0

[Event "KONIK MORSKI REWALA 2013-B"]
[Site "Rewal"]
[Date "2013.08.21"]
[Round "2.31"]
[White "Puroila, Sippo"]
[Black "Kasianczuk, Krzysztof"]
[Result "1-0"]
[WhiteElo "1880"]
[BlackElo "1560"]
[PlyCount "71"]
[EventDate "2013.??.??"]

1. c4 e5 2. Nc3 Nf6 3. e4 c5 4. Nge2 b6 5. g3 Bb7 6. Bg2 Be7 7. d3 Nc6 8. O-O
O-O 9. h3 d6 10. f4 exf4 11. gxf4 a6 12. Kh2 Qc7 13. Bf3 Rad8 14. Rg1 Kh8 15.
Be3 Bc8 16. Nd5 Nxd5 17. cxd5 Nb8 18. Ng3 Rg8 19. Rc1 Rdf8 20. b4 f5 21. Qd2 h6
22. Nxf5 Bxf5 23. exf5 Rxf5 24. Bg4 Rf6 25. Be6 Rgf8 26. f5 Qa7 27. Rg4 Rd8 28.
Rcg1 Bf8 29. Qf2 Nd7 30. d4 c4 31. Qh4 b5 32. Bg5 Ra8 33. Bxd7 Qxd7 34. Bxf6
gxf6 35. Qxf6+ Kh7 36. Qg6+ 1-0

[Event "KONIK MORSKI REWALA 2013-B"]
[Site "Rewal"]
[Date "2013.08.21"]
[Round "2.32"]
[White "Posuniak, Weronika"]
[Black "Raszkiewicz, Agnieszka"]
[Result "0-1"]
[WhiteElo "1584"]
[BlackElo "1811"]
[PlyCount "84"]
[EventDate "2013.??.??"]

1. d4 c5 2. d5 e5 3. e4 d6 4. Bd3 Be7 5. c4 Bg5 6. Nc3 a6 7. a4 Nh6 8. h3 O-O
9. Nf3 Bxc1 10. Qxc1 f5 11. O-O Nd7 12. Qg5 fxe4 13. Nxe4 Nf6 14. Nfd2 Nf5 15.
Nxf6+ Qxf6 16. Qxf6 Rxf6 17. Ne4 Rg6 18. g4 Nd4 19. Nxc5 dxc5 20. Bxg6 hxg6 21.
Kg2 Bd7 22. Rfb1 Rf8 23. Ra2 a5 24. Re1 Re8 25. Re3 g5 26. Kg3 Kf7 27. b3 Kf6
28. Rb2 Ra8 29. Ra2 Ra6 30. Rd3 Rb6 31. Ra3 Be8 32. Rd2 Bg6 33. Kg2 Bc2 34. Ra2
Bxb3 35. Rab2 Rb4 36. Rb1 Bxc4 37. Rdb2 Bxd5+ 38. Kf1 Be4 39. Rxb4 axb4 40. Rb2
Ke6 41. Ke1 Kd5 42. Kd1 Bg2 0-1

[Event "KONIK MORSKI REWALA 2013-B"]
[Site "Rewal"]
[Date "2013.08.21"]
[Round "2.33"]
[White "Miczek, Szczepan"]
[Black "Rudol, Maria"]
[Result "1/2-1/2"]
[WhiteElo "1797"]
[BlackElo "1446"]
[PlyCount "82"]
[EventDate "2013.??.??"]

1. e4 d5 2. exd5 Qxd5 3. d4 Nf6 4. c4 Qd8 5. Nf3 Bf5 6. Nc3 e6 7. Bf4 Bd6 8.
Bg5 c6 9. Be2 Nbd7 10. O-O O-O 11. Nh4 Bg6 12. Nxg6 hxg6 13. Qc2 a6 14. Rfd1
Qc7 15. h3 Rac8 16. Rac1 Bh2+ 17. Kh1 Bf4 18. Bxf4 Qxf4 19. Bf3 g5 20. a4 g4
21. hxg4 Nxg4 22. Bxg4 Qxg4 23. Rd3 g6 24. Rcd1 Kg7 25. Rg3 Rh8+ 26. Kg1 Qh4
27. Rh3 Qg4 28. Rxh8 Rxh8 29. Qe4 Qh5 30. Kf1 Nf6 31. Qf3 Qxf3 32. gxf3 Rh1+
33. Ke2 Rxd1 34. Nxd1 Nd7 35. Nc3 f5 36. Kd3 Kf6 37. f4 g5 38. fxg5+ Kxg5 39.
Nb5 Kf4 40. d5 e5 41. dxc6 bxc6 1/2-1/2

[Event "KONIK MORSKI REWALA 2013-B"]
[Site "Rewal"]
[Date "2013.08.21"]
[Round "2.34"]
[White "Rudol, Matylda"]
[Black "Hagner, Pawel"]
[Result "1/2-1/2"]
[WhiteElo "1483"]
[BlackElo "1772"]
[PlyCount "76"]
[EventDate "2013.??.??"]

1. e4 d6 2. d4 Nf6 3. Nc3 g6 4. Bc4 Bg7 5. Nge2 c6 6. O-O O-O 7. Bb3 Nbd7 8. f4
e5 9. h3 exd4 10. Nxd4 Nc5 11. e5 dxe5 12. fxe5 Nh5 13. Nf3 Qc7 14. Qd6 Qxd6
15. exd6 Nxb3 16. axb3 Nf6 17. Be3 a6 18. Rad1 Re8 19. Bg5 Bd7 20. Na4 h6 21.
Bxf6 Bxf6 22. Nc5 Rad8 23. Nxb7 Rb8 24. Nc5 Rbd8 25. Nxa6 Bxb2 26. Nc5 Ba3 27.
Na4 Re6 28. Rd3 Rxd6 29. Rxd6 Bxd6 30. Rd1 Bf5 31. Rd2 Be4 32. Kf2 f5 33. c4
Be7 34. Re2 Bb4 35. Nb2 Bc3 36. Na4 Bb4 37. Nb2 Bc3 38. Na4 Bb4 1/2-1/2

[Event "KONIK MORSKI REWALA 2013-B"]
[Site "Rewal"]
[Date "2013.08.21"]
[Round "2.35"]
[White "Kowacz, Agnieszka"]
[Black "Antolak, Julia"]
[Result "0-1"]
[WhiteElo "1366"]
[BlackElo "1760"]
[PlyCount "80"]
[EventDate "2013.??.??"]

1. c4 e5 2. e4 Nc6 3. Nf3 Bc5 4. d3 d6 5. Be3 Nd4 6. Nbd2 Bb6 7. Nb3 c5 8. g3
Ne7 9. Bg2 O-O 10. Nfd2 f5 11. O-O Nxb3 12. Nxb3 f4 13. Bd2 Be6 14. f3 Qd7 15.
g4 Nc6 16. Be1 Bd8 17. a4 a5 18. Qe2 Qe8 19. Bf2 Bd7 20. Nd2 Nd4 21. Bxd4 cxd4
22. b3 Bh4 23. Rac1 h5 24. h3 hxg4 25. fxg4 Qe7 26. Nf3 b6 27. Rc2 Rac8 28.
Rcc1 Rc7 29. Rc2 Bf6 30. Rcc1 Rfc8 31. Rc2 Be6 32. Rcc1 d5 33. Nxe5 Bxe5 34.
exd5 Bf7 35. Rce1 Bd6 36. Qf2 Qf6 37. Be4 Re8 38. h4 Bg6 39. g5 Qf7 40. Qxd4
Bc5 0-1

[Event "KONIK MORSKI REWALA 2013-B"]
[Site "Rewal"]
[Date "2013.08.22"]
[Round "3.1"]
[White "Kaluzny, Wlodzimierz"]
[Black "Grabowski, Adam"]
[Result "0-1"]
[WhiteElo "1922"]
[BlackElo "2086"]
[PlyCount "172"]
[EventDate "2013.??.??"]

1. d4 Nf6 2. Nf3 d5 3. c3 Bf5 4. Bf4 e6 5. e3 c5 6. Bd3 Bxd3 7. Qxd3 Nc6 8.
Nbd2 Be7 9. h3 O-O 10. O-O Rc8 11. Rad1 Qb6 12. Qb1 Qa6 13. Ne5 b5 14. Nxc6
Qxc6 15. Nf3 a5 16. Rfe1 Bd6 17. Bxd6 Qxd6 18. Nd2 Qb6 19. dxc5 Rxc5 20. e4 b4
21. cxb4 Qxb4 22. e5 Nd7 23. Nf3 Rb8 24. b3 Rbc8 25. Rd4 Qb6 26. Rd2 h6 27. Kh2
Qb8 28. Kg1 Rc3 29. Rd3 Rc2 30. Nd4 R2c5 31. f4 Qb4 32. Kh2 g6 33. Red1 Nf8 34.
Qb2 Qb8 35. Qf2 Nd7 36. Qg3 Kh7 37. Qh4 R5c7 38. Rg3 Nc5 39. Nf3 Re8 40. Rc1
Ne4 41. Rxc7 Qxc7 42. Ng5+ Nxg5 43. fxg5 Qxe5 44. Qxh6+ Kg8 45. Qh4 Rc8 46. Qg4
Rc1 47. Qf3 d4 48. Qa8+ Kg7 49. Qf3 Rc3 50. Qf2 Kg8 51. h4 Rc1 52. Qf3 Rc3 53.
Qf2 Qe4 54. Rf3 Rxf3 55. gxf3 Qe5+ 56. Kg2 d3 57. Qd2 Qd4 58. f4 Qe4+ 59. Kf2
Qd4+ 60. Kf3 Kf8 61. a3 Ke7 62. b4 a4 63. Qd1 d2 64. Ke2 Qxf4 65. Qxd2 Qxh4 66.
Qe3 Qc4+ 67. Kf2 Qc2+ 68. Kg1 Kd6 69. Qf4+ Kd5 70. Qf6 Qc1+ 71. Kh2 Qxa3 72.
Qe7 Qb2+ 73. Kh3 a3 74. Qc5+ Ke4 75. Qc6+ Kf5 76. Qc5+ Qe5 77. Qc2+ Kf4 78.
Qh2+ Ke4 79. Qc2+ Kd4 80. Qa4 Qe3+ 81. Kg4 Qe2+ 82. Kh3 a2 83. b5+ Kc5 84. Qa7+
Kb4 85. Qd4+ Kb3 86. Qa1 Qd3+ 0-1

[Event "KONIK MORSKI REWALA 2013-B"]
[Site "Rewal"]
[Date "2013.08.22"]
[Round "3.2"]
[White "Stankiewicz, Pawel"]
[Black "Lopuszanski, Kamil"]
[Result "1/2-1/2"]
[WhiteElo "2058"]
[BlackElo "1879"]
[PlyCount "46"]
[EventDate "2013.??.??"]

1. b3 e5 2. Bb2 Nc6 3. e3 d5 4. Bb5 Bd6 5. f4 f6 6. Qh5+ g6 7. Qf3 Nge7 8. Nc3
a6 9. Bxc6+ bxc6 10. Nge2 h5 11. O-O-O Bg4 12. Qf2 Qd7 13. h3 Be6 14. Rhf1
O-O-O 15. Na4 c5 16. Qg3 Nf5 17. Qe1 h4 18. fxe5 fxe5 19. e4 dxe4 20. Nec3 Ng3
21. Nxe4 Nxf1 22. Nxd6+ Qxd6 23. Qxf1 Rh5 1/2-1/2

[Event "KONIK MORSKI REWALA 2013-B"]
[Site "Rewal"]
[Date "2013.08.22"]
[Round "3.3"]
[White "Woloch, Oskar"]
[Black "Zurkowski, Andrzej"]
[Result "0-1"]
[WhiteElo "1779"]
[BlackElo "2003"]
[PlyCount "66"]
[EventDate "2013.??.??"]

1. e4 c5 2. Nc3 e6 3. f4 Nc6 4. Nf3 d6 5. Bc4 g6 6. O-O Bg7 7. Qe1 Nge7 8. d3
Nd4 9. Nxd4 cxd4 10. Ne2 O-O 11. Bb3 Nc6 12. Bd2 Kh8 13. Kh1 Bd7 14. Bb4 Qc7
15. a4 f5 16. Ba3 Rfe8 17. g4 fxe4 18. dxe4 Na5 19. Rc1 Nxb3 20. cxb3 Bc6 21.
Ng3 Qe7 22. Kg1 Rad8 23. g5 e5 24. Qd2 exf4 25. Qxf4 Be5 26. Qf7 Qxg5 27. Rc2
Bg7 28. Bxd6 Qe3+ 29. Rff2 Rxd6 30. Rxc6 Rf8 31. Nf1 Qg5+ 32. Rg2 Rxf7 33. Rc8+
Qd8 0-1

[Event "KONIK MORSKI REWALA 2013-B"]
[Site "Rewal"]
[Date "2013.08.22"]
[Round "3.4"]
[White "Suliborski, Jakub"]
[Black "Zarnowski, Krzysztof"]
[Result "1-0"]
[WhiteElo "2002"]
[BlackElo "1817"]
[PlyCount "57"]
[EventDate "2013.??.??"]

1. e4 c6 2. d4 d5 3. Nc3 dxe4 4. Nxe4 Nd7 5. Nf3 Ngf6 6. Ng3 Qc7 7. Bd3 e6 8.
O-O Bd6 9. c4 O-O 10. b3 b6 11. Bb2 Bb7 12. Qe2 c5 13. Rad1 cxd4 14. Nxd4 a6
15. Rfe1 Bb4 16. Rf1 Bc5 17. Bb1 Rad8 18. Kh1 Qf4 19. f3 Qh4 20. a3 Nb8 21.
Nxe6 Rxd1 22. Rxd1 fxe6 23. b4 Bf2 24. Qxe6+ Kh8 25. Nf5 Qg5 26. Qe7 Rg8 27.
Qxb7 Nh5 28. Qe4 Nf6 29. Qc2 1-0

[Event "KONIK MORSKI REWALA 2013-B"]
[Site "Rewal"]
[Date "2013.08.22"]
[Round "3.5"]
[White "Mielczarek, Joanna"]
[Black "Kostanski, Marcin"]
[Result "0-1"]
[WhiteElo "1509"]
[BlackElo "1930"]
[PlyCount "118"]
[EventDate "2013.??.??"]

1. e4 c5 2. Nf3 d6 3. d4 cxd4 4. Nxd4 Nf6 5. Nc3 a6 6. Be2 e5 7. Nb3 Be7 8. Be3
b5 9. a3 Bb7 10. Bf3 Nbd7 11. O-O Nb6 12. Na5 Qc7 13. Nxb7 Qxb7 14. Bxb6 Qxb6
15. Nd5 Nxd5 16. Qxd5 O-O 17. Bg4 Ra7 18. c3 Rc7 19. Qb3 Rc4 20. Rfe1 d5 21.
Be2 Rxe4 22. Qxd5 Rf4 23. Bf3 Bf6 24. Rad1 h6 25. Qc6 Qa5 26. Rd6 Qa4 27. Qxa6
Qb3 28. Rd2 Rxf3 29. gxf3 Bg5 30. Rde2 Bf4 31. Qd6 Re8 32. Rd1 Re6 33. Qd5 Rg6+
34. Kh1 Qa4 35. Qd8+ Kh7 36. Qd3 Kg8 37. Rg1 Rf6 38. Qd8+ Kh7 39. Qf8 Bg5 40.
Qb4 Qa7 41. Qe4+ g6 42. Rg3 Bf4 43. Rg2 Qd7 44. Re1 Qd2 45. Qe2 Qd7 46. Rd1 Qh3
47. Rd3 Rf5 48. Rg3 Qh4 49. Qf1 e4 50. Rd7 exf3 51. Qh3 Bxg3 52. Qxg3 Qc4 53.
Qg1 Qe2 54. b3 Qe6 55. Rd3 Qxb3 56. Qc1 Qc4 57. Rd4 Qe2 58. Rd2 Qe7 59. Rc2 Re5
0-1

[Event "KONIK MORSKI REWALA 2013-B"]
[Site "Rewal"]
[Date "2013.08.22"]
[Round "3.6"]
[White "Poswiatowski, Michal"]
[Black "Patola, Eero"]
[Result "1/2-1/2"]
[WhiteElo "2085"]
[BlackElo "1947"]
[PlyCount "49"]
[EventDate "2013.??.??"]

1. e4 c5 2. Nf3 e6 3. d4 cxd4 4. Nxd4 a6 5. Be3 Nf6 6. Bd3 Qc7 7. c4 Bb4+ 8.
Nd2 O-O 9. Rc1 Nc6 10. O-O d6 11. N2b3 Bd7 12. a3 Bc5 13. Nxc5 dxc5 14. Nxc6
Bxc6 15. Bxc5 Rfd8 16. Qe2 Bxe4 17. Bxe4 Nxe4 18. Bb4 Qc6 19. Rfe1 Nc5 20. Rcd1
Rac8 21. h3 h6 22. Rxd8+ Rxd8 23. Rd1 Rxd1+ 24. Qxd1 Nd7 25. b3 1/2-1/2

[Event "KONIK MORSKI REWALA 2013-B"]
[Site "Rewal"]
[Date "2013.08.22"]
[Round "3.7"]
[White "Milanowski, Jan"]
[Black "Koziej, Maciej"]
[Result "1-0"]
[WhiteElo "1971"]
[BlackElo "2063"]
[PlyCount "95"]
[EventDate "2013.??.??"]

1. e4 Nf6 2. d3 e5 3. Nf3 Nc6 4. c3 d5 5. Qc2 Be7 6. h3 O-O 7. Be2 Re8 8. Nbd2
a5 9. a4 b6 10. Nf1 Ba6 11. Ne3 Qd7 12. Nf5 Bf8 13. Bg5 Nh5 14. g3 h6 15. Bc1
Rad8 16. Kf1 Kh7 17. Ne1 Nf6 18. g4 dxe4 19. dxe4 Bxe2+ 20. Qxe2 g6 21. Ng3 Qd1
22. Qxd1 Rxd1 23. Ke2 Red8 24. f3 Bc5 25. Nc2 R1d6 26. h4 h5 27. g5 Nd7 28. Ne3
Nf8 29. Nc4 R6d7 30. Ne3 Ne6 31. Nd5 Kg7 32. Re1 Ne7 33. Nf6 Rd6 34. Nf1 Ng8
35. Nxg8 Kxg8 36. b3 Rd3 37. Bd2 Nf4+ 38. Bxf4 exf4 39. Rac1 Be3 40. Rc2 Kg7
41. Ra2 f6 42. gxf6+ Kxf6 43. b4 g5 44. hxg5+ Kxg5 45. bxa5 bxa5 46. Rb2 Bb6
47. Rb5+ Kg6 48. Rf5 1-0

[Event "KONIK MORSKI REWALA 2013-B"]
[Site "Rewal"]
[Date "2013.08.22"]
[Round "3.8"]
[White "Murawko, Katarzyna"]
[Black "Markiewicz, Mateusz"]
[Result "1/2-1/2"]
[WhiteElo "1904"]
[BlackElo "2029"]
[PlyCount "151"]
[EventDate "2013.??.??"]

1. e4 c5 2. Nf3 Nf6 3. e5 Nd5 4. c3 e6 5. d4 Nc6 6. Be2 cxd4 7. cxd4 Bb4+ 8.
Bd2 Qb6 9. Bxb4 Qxb4+ 10. Qd2 Qxd2+ 11. Nbxd2 Nf4 12. g3 Nxe2 13. Kxe2 b6 14.
Ne4 Ke7 15. a3 Bb7 16. Ke3 f6 17. Rhd1 Na5 18. Nfd2 Bd5 19. Nd6 Rab8 20. b4 Nb7
21. N2e4 Bxe4 22. Nxe4 d5 23. Nd2 Rhc8 24. Rdc1 Nd8 25. Nb3 Nf7 26. f4 Nh6 27.
Kd3 Ng4 28. Ra2 Rxc1 29. Nxc1 Rc8 30. Nb3 Kd7 31. h3 Nh6 32. Ra1 fxe5 33. dxe5
Nf5 34. g4 Ng3 35. Nd2 h5 36. Rg1 h4 37. Re1 Rf8 38. Ke3 Rc8 39. Kd3 Rc6 40.
Ra1 Ke7 41. Re1 Rc8 42. b5 Rf8 43. Ke3 Rc8 44. Kd3 Rc5 45. Rb1 Rc8 46. Re1 Kd7
47. Rd1 Rc5 48. Rb1 Kc8 49. Rb2 Kb7 50. Rb1 a6 51. a4 a5 52. Nb3 Rc4 53. Nd4
Ne4 54. Nxe6 Rxa4 55. Nxg7 Nf2+ 56. Ke3 Nxh3 57. Nh5 Ra3+ 58. Ke2 d4 59. g5
Re3+ 60. Kf1 Nxf4 61. Nxf4 Rf3+ 62. Kg2 Rxf4 63. Kh3 Re4 64. g6 Rxe5 65. Kxh4
Kc7 66. g7 Re8 67. Kg5 Kd6 68. Kf6 Kc5 69. Kf7 Ra8 70. g8=Q Rxg8 71. Kxg8 Kc4
72. Kf7 a4 73. Ke6 d3 74. Kd6 a3 75. Kc6 a2 76. Rh1 1/2-1/2